Interakcia iónov medi s neurotransmitermi
Gespeichert in:
| 1. Verfasser: | |
|---|---|
| Weitere Verfasser: | |
| Format: | Manuskript Buch |
| Sprache: | Slowakisch |
| Veröffentlicht: |
2016
|
| Schlagworte: | |
| Online-Zugang: | http://is.stuba.sk/zp/portal_zp.pl?podrobnosti=111178 |
| Tags: |
Keine Tags, Fügen Sie das erste Tag hinzu!
|
MARC
| LEADER | 00000ntm a22000003a 4500 | ||
|---|---|---|---|
| 001 | stuzp59316 | ||
| 003 | SK-STU | ||
| 005 | 20160719155824.6 | ||
| 007 | ta | ||
| 008 | 150427s2015----xo-----f-mn---000-0-slo-d | ||
| 040 | |a STU |b slo | ||
| 041 | 0 | |a slo | |
| 100 | 1 | |a Horváthová, Patrícia |u 045210 |4 aut |U FCHPT Ústav fyzikálnej chémie a chemickej fyziky |T FCHPT Oddelenie fyzikálnej chémie |X 65047 |U C5210 |Y 117 |7 65047 | |
| 242 | 0 | 1 | |a Interacion of copper ions with neurotransmitters |y eng |
| 245 | 1 | 0 | |a Interakcia iónov medi s neurotransmitermi |
| 260 | |c 2016 | ||
| 650 | 4 | |a meď |2 slo | |
| 650 | 4 | |a EPR spektroskopia |2 slo | |
| 650 | 4 | |a neurotransmitery |2 slo | |
| 650 | 4 | |a neurodegeneratívne choroby |2 slo | |
| 650 | 4 | |a EPR spectroscopy |2 eng | |
| 650 | 4 | |a neurodegerative disease |2 eng | |
| 650 | 4 | |a copper |2 eng | |
| 650 | 4 | |a neurotransmitters |2 eng | |
| 700 | 1 | |a Valko, Marián |u 045210 |k Z1 |4 ths |U FCHPT Ústav fyzikálnej chémie a chemickej fyziky |T FCHPT Oddelenie fyzikálnej chémie |X 4435 |U C5210 |Y 117 |7 A000004435 | |
| 856 | 4 | |u http://is.stuba.sk/zp/portal_zp.pl?podrobnosti=111178 | |
| SQL | |a stuzp59316 |b DBP |c SLO |d Interakcia iónov medi s neurotransmitermi |e 65047 |f Horváthová, Patrícia |g 045210 |h 4435 |i Valko, Marián |j 20160711 |k 753 |l 04 |m http://is.stuba.sk/zp/portal_zp.pl?podrobnosti=111178 |n B-CHEMAT |o 4.1.14. chémia, 5.2.18. chemické technológie | ||